000 00965nam a2200265 i 4500
001 102830
003 ES-MaACL
007 t|
008 051213s1977 sp af ||||1| spa d
020 _a84-7385-022-X
080 _a860-193.3(082.2)
080 _a76 Ortego, Esther
245 0 0 _aJardín de flores
_b: ramillete de sonetos eróticos del siglo de Oro /
_c[por] Fr. Melchor de la Serna y otros ; edición al cuidado de Luis Montañés , ilustrada con 10 aguafuertes de Esther Ortego.
260 _aMadrid :
_bGisa,
_c1977.
300 _aXII, 38 p., [10] h. de lám. :
_bil. ;
_c54 cm.
490 1 _aTorculum ;
_v7
500 _aÍndice de primeros versos.
500 _aEjemplar numerado de una tirada de 180.
700 1 _aSerna, Melchor de la
_c, (O.S.B.)
_9105576
700 1 _aMontañés Fontenla, Luis.
_982396
700 1 _aOrtego, Esther.
_987514
830 0 _aTorculum ;
_v7
_9184690
852 _aES-MaACL
_jGF-59
999 _c102830
_d102830